00955 a2200181 45000010006000000050017000060080041000230030015000640400040000790800062001192450060001810200022002412640076002633000019003395050390003580410008007481000017007566093220260407155859.0260407a1988 arg spa dAR-UNSa-BCEJYS aAR-UNSa-BCEJYSbspacAR-UNSa-BCEJYS a352.9xÓrganos autónomos de la administración local10aEl régimen constitucional de las competencias locales a978-84-7088-464-1 1aMadrid :bInstituto Nacional de Administración Pública (INAP)c1988 a221 p.c21 cm. a1. La ausencia de una regulación constitucional expresa de las competencias de los entes locales - 2. Los elementos constitucionales del sistema de comepetencias locales - 3. La regulación general del régimen de las competencias en la ley reguladora de las bases del régimen local (Ley 7/1985, 2 de abril) - 4. La legislación autonómica sobre las competencias provinciales. aspa1 aOrtega, Luis